000 00360cam a22001097a 4500
008 180718b1970 xxu||||| |||| 00| 0 eng d
082 _aG5x5441 G949r/1970
245 _aGujarat Legislative Assembly Rules
_cby Legislature Secretariat, Gujarat
260 _aAhmedabad
_bLegislature Secretariat
_c1970
300 _a194+p
700 _aGujarat. Legislature Secretariat
999 _c491033
_d491033